All the Bosses in the Bendy Franchise - Statistics

General Stats
  • This quiz has been taken 111 times
  • The average score is 6 of 11
Answer Stats
Game Boss % Correct
BATDR Alice Angel
81%
BATIM/BATDR The Ink Demon
79%
BATIM Sammy Lawrence
78%
BATIM Beast Bendy
75%
BATIM Brute Boris
73%
BATIM Bertrum Piedmont
60%
BATIM The Projectionist
57%
BATDR Shipahoy Wilson
40%
BATDR Lord Amok
25%
BATIM The Giant Hand
17%
BATDR The Crawling King
5%
No matching quizzes found
Score Distribution
Percent of People with Each Score
Percentile by Number Answered
Your Score History
You have not taken this quiz